书目信息 |
| 题名: |
载波通信原理 上
|
|
| 作者: | 河北省邮电学校 编 | |
| 分册: | ||
| 出版信息: | 北京 人民邮电出版社 1980.03 |
|
| 页数: | 327页 | |
| 开本: | 312开 | |
| 丛书名: | ||
| 单 册: | ||
| 中图分类: | TTN91-43 , TN91-43 | |
| 科图分类: | ||
| 主题词: | 通信 | |
| 电子资源: | ||
| ISBN: | ||
| 000 | 00592nam0 2200205 45 | |
| 001 | 0006170800 | |
| 005 | 20100429103227.22 | |
| 010 | @d0.86元 | |
| 100 | @a20000617d1980 km y0chiy0120 ea | |
| 101 | 0 | @achi |
| 105 | @a z 000yy | |
| 200 | 1 | @a载波通信原理 上@AZai Bo Tong Xin Yuan Li Shang@f河北省邮电学校编@FHe Bei Sheng You Dian Xue Xiao Bian |
| 210 | @a北京@c人民邮电出版社@d1980.03 | |
| 215 | @a327页@d312开 | |
| 606 | 0 | @a通信 |
| 690 | @aTTN91-43@v3 | |
| 690 | @aTN91-43@v4 | |
| 701 | 0 | @a河北省邮电学校@4编 |
| 801 | @aCN@bPftUser@c20100429 | |
| 905 | @b207215-220@dTN91-43@eH933@f6 | |
| 载波通信原理 上/河北省邮电学校编.-北京:人民邮电出版社,1980.03 |
| 327页;312开 |
| ISBN :0.86元 |
| ● |
| 相关链接 |
|
|
|
正题名:载波通信原理 上
索取号:TN91-43/H933
 
预约/预借
| 序号 | 登录号 | 条形码 | 馆藏地/架位号 | 状态 | 备注 |
| 1 | 207215 | 202072158 | 自科库301/301自科库 26排2列2层/ [索取号:TN91-43/H933] | 在馆 | |
| 2 | 207216 | 202072167 | 自科库301/301自科库 26排2列2层/ [索取号:TN91-43/H933] | 在馆 | |
| 3 | 207217 | 202072176 | 自科二线400A/400A自科库 7排1列6层/ [索取号:TN91-43/H933] | 在馆 | |
| 4 | 207218 | 202072185 | 自科二线400A/400A自科库 7排1列4层/ [索取号:TN91-43/H933] | 在馆 | |
| 5 | 207219 | 202072194 | 自科二线400A/400A自科库 7排1列4层/ [索取号:TN91-43/H933] | 在馆 | |
| 6 | 207220 | 202072201 | 自科二线400A/400A自科库 7排1列4层/ [索取号:TN91-43/H933] | 在馆 |